| 000 | 00482nam a22001457a 4500 | ||
|---|---|---|---|
| 999 |
_c1664 _d1664 |
||
| 008 | 200128b ||||| |||| 00| 0 eng d | ||
| 082 | 0 | 0 |
_a509 _bM391 |
| 110 |
_91290 _aOdhams Press Ltd. |
||
| 245 | 1 | 0 |
_aMarvels of modern science: history of the discoveries of modern science and how they are applied to shape our lives and direct our futures _cby Odhams Press Ltd |
| 260 |
_aLondon _bOdhams Press Ltd. _c1949 |
||
| 300 | _a447p. | ||
| 365 | _d7.01 | ||
| 650 | 0 | _aScience | |
| 942 | _cBK | ||